|
|
|
|
| LEADER |
00000nam0a2200000 4500 |
| 001 |
332422 |
| 005 |
20231102004444.0 |
| 035 |
|
|
|a (RuTPU)RU\TPU\book\358355
|
| 090 |
|
|
|a 332422
|
| 100 |
|
|
|a 20170523d1962 km y0rusy50 ca
|
| 101 |
0 |
|
|a rus
|
| 102 |
|
|
|a RU
|
| 105 |
|
|
|a a z 001zy
|
| 200 |
1 |
|
|a Современное состояние техники направленного бурения за рубежом
|f А. Г. Калинин, А. С. Волков
|
| 210 |
|
|
|a Москва
|c ОНТИ
|d 1962
|
| 215 |
|
|
|a 36 с.
|c ил.
|
| 320 |
|
|
|a Библиогр.: с. 35
|
| 320 |
|
|
|9 572
|a Авт. указ. на обороте тит. л
|
| 606 |
1 |
|
|a Направленное бурение
|2 stltpush
|3 (RuTPU)RU\TPU\subj\44844
|9 64122
|
| 610 |
1 |
|
|a скважины
|
| 610 |
1 |
|
|a искривления
|
| 610 |
1 |
|
|a контрольно-измерительная аппаратура
|
| 610 |
1 |
|
|a инклинометрия
|
| 610 |
1 |
|
|a телевизионные камеры
|
| 610 |
1 |
|
|a отключающие устройства
|
| 610 |
1 |
|
|a бурильные установки
|
| 610 |
1 |
|
|a шарнирные замки
|
| 610 |
1 |
|
|a зарубежный опыт
|
| 675 |
|
|
|a 622.243.2
|v 4
|
| 700 |
|
1 |
|a Калинин
|b А. Г.
|
| 701 |
|
1 |
|a Волков
|b А. С.
|
| 801 |
|
1 |
|a RU
|b 63413507
|c 20170523
|
| 801 |
|
2 |
|a RU
|b 63413507
|c 20201130
|g RCR
|
| 942 |
|
|
|c BK
|